<?xml version="1.0" encoding="UTF-8"?>
<record
    xmlns:xsi="http://www.w3.org/2001/XMLSchema-instance"
    xsi:schemaLocation="http://www.loc.gov/MARC21/slim http://www.loc.gov/standards/marcxml/schema/MARC21slim.xsd"
    xmlns="http://www.loc.gov/MARC21/slim">

  <leader>01047nam a22002417a 4500</leader>
  <datafield tag="999" ind1=" " ind2=" ">
    <subfield code="c">3450</subfield>
    <subfield code="d">3450</subfield>
  </datafield>
  <controlfield tag="003">AR-CdUCM</controlfield>
  <controlfield tag="008">190306b           ||||| |||| 00| 0 spa d</controlfield>
  <datafield tag="040" ind1=" " ind2=" ">
    <subfield code="a">MUNICIPALIDAD PROVINCIAL DEL CUSCO</subfield>
    <subfield code="c">BIBLIOTECA MUNICIPAL DEL CUSCO</subfield>
  </datafield>
  <datafield tag="082" ind1=" " ind2=" ">
    <subfield code="a">809 /</subfield>
    <subfield code="b">R17</subfield>
  </datafield>
  <datafield tag="100" ind1=" " ind2=" ">
    <subfield code="a">Ragucci, Rodolfo M.</subfield>
  </datafield>
  <datafield tag="245" ind1=" " ind2=" ">
    <subfield code="a">Literatura espa&#xF1;ola seudocl&#xE1;sica, prerrom&#xE1;ntica y rom&#xE1;nica : </subfield>
    <subfield code="b">(de 1700 a 1850) /</subfield>
  </datafield>
  <datafield tag="260" ind1=" " ind2=" ">
    <subfield code="a">Buenos Aires : </subfield>
    <subfield code="b">Don Bosco, </subfield>
    <subfield code="c">1960.</subfield>
  </datafield>
  <datafield tag="300" ind1=" " ind2=" ">
    <subfield code="a">XXX, 451 p&#xE1;ginas ; </subfield>
    <subfield code="b">ilustraciones ; </subfield>
    <subfield code="c">25.5 cm.</subfield>
  </datafield>
  <datafield tag="505" ind1=" " ind2=" ">
    <subfield code="a">Contenido:Siglo XVIII: decadencia o seudoclasicismo -- Siglo XIX: resurgimiento o reacci&#xF3;n contra el seudoclasicismo -- Prerromanticismo o neoclasicismo ...</subfield>
  </datafield>
  <datafield tag="650" ind1=" " ind2=" ">
    <subfield code="a">Literatura espa&#xF1;ola - Historia - Evoluci&#xF3;n</subfield>
    <subfield code="9">11366</subfield>
  </datafield>
  <datafield tag="650" ind1=" " ind2=" ">
    <subfield code="a">Literatura espa&#xF1;ola - Seudocl&#xE1;sica</subfield>
    <subfield code="9">11367</subfield>
  </datafield>
  <datafield tag="650" ind1=" " ind2=" ">
    <subfield code="a">Literatura espa&#xF1;ola - Pre rom&#xE1;ntica</subfield>
    <subfield code="9">11368</subfield>
  </datafield>
  <datafield tag="650" ind1=" " ind2=" ">
    <subfield code="a">Literatura espa&#xF1;ola - Rom&#xE1;ntica </subfield>
    <subfield code="9">11369</subfield>
  </datafield>
  <datafield tag="650" ind1=" " ind2=" ">
    <subfield code="a">Poes&#xED;a - Prosa </subfield>
    <subfield code="9">11370</subfield>
  </datafield>
  <datafield tag="942" ind1=" " ind2=" ">
    <subfield code="2">ddc</subfield>
    <subfield code="c">LIBROS</subfield>
  </datafield>
  <datafield tag="945" ind1=" " ind2=" ">
    <subfield code="a">lccs</subfield>
  </datafield>
  <datafield tag="952" ind1=" " ind2=" ">
    <subfield code="0">0</subfield>
    <subfield code="2">ddc</subfield>
    <subfield code="4">0</subfield>
    <subfield code="7">0</subfield>
    <subfield code="a">SH</subfield>
    <subfield code="b">SH</subfield>
    <subfield code="c">CART</subfield>
    <subfield code="d">2019-03-06</subfield>
    <subfield code="g">150.00</subfield>
    <subfield code="o">809 / R17</subfield>
    <subfield code="p">SH0000003581</subfield>
    <subfield code="r">2019-03-06</subfield>
    <subfield code="y">LIBROS</subfield>
  </datafield>
</record>
